000 00468nam a22001457a 4500
999 _c513845
_d513845
008 200907b ||||| |||| 00| 0 eng d
100 _aSingh, Anita
_917629
245 _aSustainable management of ground water resources in Uttar Pradesh
260 _aThe Administrator
300 _a60(1), Jan 2020. p. 58-80
650 _aSustainable development - India
_917599
773 _aThe Administrator
906 _aWATER RESOURCES - INDIA - UTTAR PRADESH
942 _cAR